Índex temàtic, de recursos, d'autors ... / Biblioteca de la classe, 1-50
Descripción Física:
55 p. ; 20 x 21 cm
Colección:
Biblioteca de la classe
MARC
| LEADER | 00000nam a2200000Ia 4500 | ||
|---|---|---|---|
| 001 | 9432 | ||
| 003 | BGR | ||
| 005 | 20260324175247.0 | ||
| 008 | 160829s1991 xx 000 0 cat d | ||
| 080 | |a E-1-172 | ||
| 245 | |a Índex temàtic, de recursos, d'autors ... / Biblioteca de la classe, 1-50 | ||
| 260 | |a Barcelona : |b Graó : |b Diputació de Barcelona, |c 1991 | ||
| 300 | |a 55 p. ; |c 20 x 21 cm | ||
| 710 | 1 | |a Barcelona (Catalunya : Província). |b Diputació |9 52408 | |
| 830 | |a Biblioteca de la classe |9 70679 | ||
| 901 | |a Arxiu | ||
| 942 | |n 1 |2 udc |c MON | ||
| 952 | |0 0 |1 0 |4 0 |6 E1172 |7 1 |9 42817 |a Arxiu |b Arxiu |d 2016-12-01 |l 0 |o E-1-172 |p 9432 |r 2016-12-01 00:00:00 |w 2016-12-01 |y ARXIU | ||
| 999 | |c 45323 |d 45323 | ||